000 00394nam a2200145Ia 4500
003 GCL
008 140319s9999 xx 000 0 eng d
040 _aGCL /
_cGCL
082 0 4 _aRef
_b519.502855369
_bSA
245 1 0 _aAPPLIED STATISTICS A HANBOOK OF GENSTAT ANALYSIS
260 _a[S.N] :
_bMACMILLAN PUBLISHING COMPANY ،
_c1991
300 _a132 P
650 0 4 _aSTATISTICS
942 _2ddc
_cBK
999 _c19168
_d19168